[Event "XII Open Magistrale"]
[Site "Nuoro ITA"]
[Date "1993.08.??"]
[Round "?"]
[White "Garcia Palermo, Carlos Horacio"]
[Black "Hoffman, Alejandro S."]
[Result "1-0"]
[WhiteElo "2455"]
[BlackElo "2440"]
[PlyCount "77"]
[EventDate "1993.08.21"]

1. Nf3 e6 2. e4 d5 3. exd5 exd5 4. d4 Nf6 5. Bd3 Be7 6. O-O O-O 7. Bg5 Bg4 8.
Nbd2 Nbd7 9. c3 Re8 10. Qc2 h6 11. Bh4 c5 12. Rfe1 c4 13. Bf5 Bxf5 14. Qxf5 g6
15. Qc2 Nh5 16. Bxe7 Rxe7 17. b3 b5 18. Rxe7 Qxe7 19. a4 cxb3 20. Qxb3 bxa4 21.
Qxd5 Nb6 22. Qe4 Qxe4 23. Nxe4 Nf4 24. Kf1 Nfd5 25. Ra3 a5 26. Ne5 Rc8 27. Nc5
Kg7 28. g3 f6 29. Ned3 h5 30. Nb2 h4 31. Kg2 Re8 32. Ncxa4 Nxa4 33. Nxa4 Re2
34. c4 Nb4 35. d5 Rd2 36. Nc5 Rc2 37. Ne6+ Kf7 38. Rxa5 Rxc4 39. Ra7+ 1-0

[Event "XII Open Magistrale"]
[Site "Nuoro ITA"]
[Date "1993.08.??"]
[Round "?"]
[White "Piskov, Yury"]
[Black "Legky, Nikolay A."]
[Result "0-1"]
[WhiteElo "2550"]
[BlackElo "2490"]
[PlyCount "70"]
[EventDate "1993.08.21"]

1. d4 f5 2. Nf3 Nf6 3. Bg5 Ne4 4. h4 g6 5. Bf4 d6 6. Nbd2 Bg7 7. e3 Nd7 8. Nxe4
fxe4 9. Nd2 Nf6 10. Bc4 c6 11. h5 Bg4 12. f3 exf3 13. gxf3 Bxh5 14. Qe2 Qa5 15.
e4 Nd7 16. O-O-O Rf8 17. Be3 e5 18. d5 c5 19. Kb1 O-O-O 20. Qg2 Rf7 21. Bf1 Nb6
22. Qe2 Kb8 23. Bh3 Na4 24. Rdf1 Qc3 25. bxc3 Nxc3+ 26. Kb2 Nxe2 27. Rf2 Nf4
28. Bg4 Bh6 29. Bxh5 gxh5 30. Bxf4 Bxf4 31. Rxh5 h6 32. Rh3 b5 33. a4 a6 34.
axb5 axb5 35. Rg2 Rc7 0-1

[Event "XII Open Magistrale"]
[Site "Nuoro ITA"]
[Date "1993.08.??"]
[Round "?"]
[White "Piskov, Yury"]
[Black "Ortega, Lexy"]
[Result "1-0"]
[WhiteElo "2550"]
[BlackElo "2450"]
[PlyCount "69"]
[EventDate "1993.08.21"]

1. d4 Nf6 2. Nf3 e6 3. e3 b6 4. Bd3 Bb7 5. O-O d5 6. c4 Nbd7 7. cxd5 exd5 8.
Nc3 a6 9. b3 Bd6 10. Bb2 Qe7 11. Rc1 O-O 12. Ne2 Ne4 13. Qc2 Rac8 14. Ng3 f5
15. Qe2 Ra8 16. Rc2 Rf7 17. Rfc1 c6 18. Nf1 a5 19. Ne1 Re8 20. f3 Ng5 21. f4
Ne4 22. Nf3 h6 23. Ne5 Bxe5 24. dxe5 Ndc5 25. Ba3 Qe6 26. Bxc5 Nxc5 27. Rxc5
bxc5 28. Rxc5 Ra8 29. Ng3 g6 30. Qc2 Ba6 31. Ne2 Bxd3 32. Qxd3 a4 33. Nd4 Qe8
34. b4 Rc7 35. b5 1-0

[Event "XII Open Magistrale"]
[Site "Nuoro ITA"]
[Date "1993.08.??"]
[Round "?"]
[White "Van Riemsdijk, Herman C."]
[Black "Braga, Fernando Alberto"]
[Result "1/2-1/2"]
[WhiteElo "2405"]
[BlackElo "2455"]
[PlyCount "103"]
[EventDate "1993.08.21"]

1. e4 c5 2. Nf3 e6 3. d4 cxd4 4. Nxd4 Nf6 5. Nc3 Nc6 6. Nxc6 bxc6 7. e5 Nd5 8.
Ne4 Qc7 9. f4 Qb6 10. c4 Bb4+ 11. Ke2 Ba6 12. Kf3 f5 13. Nf2 Ne7 14. Be3 Bc5
15. Bxc5 Qxc5 16. Qd6 Qb6 17. b3 c5 18. Rd1 Bb7+ 19. Ke3 g5 20. Qxd7+ Kf7 21.
Nh3 gxf4+ 22. Kf2 Rhg8 23. Rd6 Bc8 24. Rxb6 Bxd7 25. Rd6 Rad8 26. Nxf4 Nc6 27.
Nxe6 Bxe6 28. Rxc6 Rd2+ 29. Be2 Rgd8 30. Rc7+ Kg6 31. Rxa7 f4 32. Re1 Rb2 33.
Ra6 Kf5 34. Kf1 Rdd2 35. Rd6 Rxa2 36. h3 Rdb2 37. Bf3 h5 38. Rb6 Bxc4+ 39. bxc4
Rxb6 40. Bxh5 Rba6 41. e6 Ra1 42. Bd1 Kf6 43. e7 Ra8 44. e8=Q Rxe8 45. Rxe8
Rxd1+ 46. Kf2 Rd4 47. Kf3 Rxc4 48. h4 Kf5 49. Rf8+ Ke5 50. Re8+ Kf5 51. Rf8+
Ke5 52. Re8+ 1/2-1/2

[Event "XII Open Magistrale"]
[Site "Nuoro ITA"]
[Date "1993.08.??"]
[Round "?"]
[White "Van Riemsdijk, Herman C."]
[Black "Fedorov, Vladislav"]
[Result "0-1"]
[WhiteElo "2405"]
[BlackElo "2440"]
[PlyCount "166"]
[EventDate "1993.08.21"]

1. e4 g6 2. d4 Bg7 3. Nc3 d6 4. f4 c6 5. Nf3 Bg4 6. Be3 d5 7. h3 Bxf3 8. Qxf3
dxe4 9. Nxe4 Qa5+ 10. c3 Nd7 11. Bd3 Ngf6 12. O-O Nxe4 13. Bxe4 e6 14. Bc2 O-O
15. Bb3 Qc7 16. Rae1 Nf6 17. g4 a5 18. f5 a4 19. Bc2 Nd5 20. Bf4 Qb6 21. Be4
Nxf4 22. Qxf4 exf5 23. gxf5 Qxb2 24. f6 Bh8 25. d5 Qxc3 26. dxc6 bxc6 27. Bg2
Rae8 28. Rc1 Qa3 29. Rxc6 Qxa2 30. Ra6 a3 31. Qb4 Qb2 32. Qxa3 Qxa3 33. Rxa3
Re6 34. Raf3 Rd8 35. R1f2 Rdd6 36. Bf1 Rxf6 37. Rxf6 Bxf6 38. Kg2 Kg7 39. Bc4
Rc6 40. Bd5 Rc5 41. Bb3 Rc7 42. Bd5 Be5 43. Re2 Bd6 44. Rb2 Rc5 45. Rd2 Bf4 46.
Rd4 Be5 47. Rd2 Rc3 48. Bf3 Kf6 49. Ra2 Kg5 50. Re2 f6 51. Re4 Rc2+ 52. Re2 Rc5
53. Re4 f5 54. Re2 Kf4 55. Ba8 Rc3 56. Rf2+ Kg5 57. Bf3 Bc7 58. Rb2 Bd6 59. Rf2
Rd3 60. Rc2 Be5 61. Rf2 Bd4 62. Re2 Kf4 63. Bb7 Rg3+ 64. Kh2 Bg1+ 65. Kh1 Ba7
66. Kh2 Rb3 67. Bd5 Rd3 68. Bg8 Kf3 69. Rb2 Be3 70. h4 Rd7 71. Kh3 h6 72. Be6
Rd4 73. Bc8 g5 74. Bb7+ Kf4 75. hxg5 hxg5 76. Bc8 Rd8 77. Rc2 g4+ 78. Kg2 Kg5
79. Bb7 Rd7 80. Ba8 Rd1 81. Ra2 Kh4 82. Kh2 f4 83. Re2 f3 0-1

[Event "XII Open Magistrale"]
[Site "Nuoro ITA"]
[Date "1993.08.??"]
[Round "?"]
[White "Van Riemsdijk, Herman C."]
[Black "Kharkova, Elena"]
[Result "1-0"]
[WhiteElo "2405"]
[BlackElo "2205"]
[PlyCount "59"]
[EventDate "1993.08.21"]

1. e4 e6 2. d4 d5 3. Nc3 Nf6 4. Bg5 Bb4 5. e5 h6 6. Bd2 Bxc3 7. Bxc3 Ne4 8. Ne2
Nc6 9. Ng3 Qh4 10. Nxe4 Qxe4+ 11. Qe2 Qf5 12. O-O-O Bd7 13. Qe3 a5 14. h4 Nb4
15. Bxb4 axb4 16. Bd3 Qh5 17. Kb1 O-O-O 18. f3 f6 19. exf6 Qf7 20. fxg7 Qxg7
21. g4 Rhg8 22. Rhg1 Qf6 23. g5 hxg5 24. hxg5 Qe7 25. f4 Rg7 26. Qe5 Kb8 27.
Rde1 Qf8 28. Rh1 Rf7 29. g6 Rxf4 30. g7 1-0

[Event "XII Open Magistrale"]
[Site "Nuoro ITA"]
[Date "1993.08.??"]
[Round "?"]
[White "Van Riemsdijk, Herman C."]
[Black "Manca, Federico"]
[Result "1-0"]
[WhiteElo "2405"]
[BlackElo "2390"]
[PlyCount "115"]
[EventDate "1993.08.21"]

1. e4 d6 2. d4 Nf6 3. Nc3 g6 4. g3 Bg7 5. Bg2 O-O 6. Nge2 e5 7. h3 exd4 8. Nxd4
Nc6 9. Be3 Nxd4 10. Bxd4 Bd7 11. O-O Bc6 12. Re1 Re8 13. b4 a6 14. a4 Qd7 15.
Qf3 Re6 16. Qd3 b6 17. b5 Bb7 18. Rad1 axb5 19. axb5 Qe8 20. Re3 Nd7 21. Bxg7
Kxg7 22. Rde1 Qe7 23. Qd4+ Kg8 24. Bf1 Qf6 25. Qxf6 Nxf6 26. f4 Rae8 27. e5
dxe5 28. Bc4 exf4 29. Rxe6 fxe6 30. Rxe6 Rxe6 31. Bxe6+ Kg7 32. gxf4 Ne4 33.
Ne2 Kf6 34. Nd4 g5 35. Bf5 gxf4 36. Bxh7 Ng5 37. Bf5 Ke5 38. c3 f3 39. Kf2 Kf4
40. h4 Nf7 41. Bh3 Ne5 42. Ne6+ Ke4 43. h5 Nf7 44. Nxc7 Ke5 45. Ke3 Ng5 46. Bg4
f2 47. Be2 Ne4 48. c4 Ng3 49. Kxf2 Nxe2 50. Kxe2 Kd4 51. Nd5 Bc8 52. h6 Bf5 53.
Nxb6 Kc5 54. Ke3 Kxb6 55. Kd4 Bb1 56. Ke5 Kc5 57. Kf6 Be4 58. Kg7 1-0

[Event "XII Open Magistrale"]
[Site "Nuoro ITA"]
[Date "1993.08.??"]
[Round "?"]
[White "Vukovic, Zdravko"]
[Black "Barbero, Gerardo F."]
[Result "0-1"]
[WhiteElo "2440"]
[BlackElo "2520"]
[PlyCount "80"]
[EventDate "1993.08.21"]

1. e4 e5 2. Nf3 d6 3. d4 exd4 4. Nxd4 g6 5. Nc3 Bg7 6. h4 Nf6 7. Bg5 Nc6 8. Nd5
h6 9. Bxf6 Bxf6 10. Bb5 Bd7 11. Bxc6 bxc6 12. Nxf6+ Qxf6 13. c3 O-O 14. Qd2
Rfe8 15. O-O-O Kg7 16. f3 c5 17. Nc2 Qe6 18. Kb1 f5 19. Ne3 fxe4 20. f4 h5 21.
g4 hxg4 22. h5 Rh8 23. hxg6 Qxg6 24. c4 Rh3 25. f5 Qg5 26. Rxh3 gxh3 27. Qf2
Kf7 28. Rg1 Qh5 29. Qd2 Bc6 30. Qa5 Rc8 31. Qa6 Bd7 32. Qb7 Kf8 33. Qd5 Qh7 34.
Qd2 Re8 35. Qh2 Re5 36. f6 Be6 37. Rg3 Qh6 38. Nd5 e3 39. Nf4 Bf5+ 40. Kc1 e2
0-1